| 000 | 00886nam a2200289Ia 4500 | ||
|---|---|---|---|
| 003 | OSt | ||
| 005 | 20221006160500.0 | ||
| 006 | a|||||r|||| 00| 0 | ||
| 007 | ta | ||
| 008 | 221006b |||||||| |||| 00| 0 eng d | ||
| 020 |
_a9781624120091 _cW12,000 |
||
| 024 | _a45,283 | ||
| 037 |
_bGift, KCC (Window on Korea) _cTextual |
||
| 040 |
_aEASL _cEASL _beng |
||
| 041 |
_2eng _aeng |
||
| 082 | _aO495,3N53, Q4 | ||
| 100 |
_aMoon Young-sook _9673817 |
||
| 245 | 0 |
_aAcross the tumen _b A North Korean kkotjebi boy's quest |
|
| 260 |
_aSeoul _bSeoul Selection USA, Inc. America _c2014 |
||
| 300 |
_a342p. _ccm. |
||
| 490 | _v KEL | ||
| 650 | _a KEL | ||
| 650 |
_a Korea - story imagination of authors _9673818 |
||
| 650 |
_aKorea - Fiction _9673819 |
||
| 942 |
_hO495,3N53, Q4 _cTEXL _2CC |
||
| 999 |
_c1113375 _d1113375 |
||